| 000 | 01136nac a22002891i 4500 | ||
|---|---|---|---|
| 003 | EG-ScBUE | ||
| 005 | 20250723100751.0 | ||
| 008 | 250709s2002 enka f b 001 0 eng d | ||
| 020 | _a0198792859 | ||
| 020 | _a9780198792857 | ||
| 040 |
_aEG-ScBUE _beng _erda _cEG-ScBUE _dEG-ScBUE |
||
| 082 | 0 | 4 |
_a541.3 _bATK _222 |
| 100 | 1 |
_a Atkins, P. W. _q(Peter William), _d1940- _eauthor. |
|
| 245 | 1 | 0 |
_aAtkins' physical chemistry / _cPeter Atkins, professor of chemistry, University of Oxford, and fellow of Lincoln College, Oxford, Julio de Paula, professor of chemistry, Haverford of Chemistry, Haverford College, Haverford, Pennsylvania. |
| 246 | 3 | 0 | _aPhysical chemistry |
| 250 | _aSeventh edition. | ||
| 264 | 1 |
_aOxford : _bOxford University Press, _c2002. |
|
| 300 |
_axxi, 1149 pages : _billustrations ; _c28 cm |
||
| 336 |
_2rdacontent _atext _btxt |
||
| 337 |
_aunmediated _2rdamedia _bn |
||
| 338 |
_avolume _bnc _2rdacarrier |
||
| 504 | _aIncludes bibliographical references and index. | ||
| 650 | 7 |
_aChemistry, Physical and theoretical. _2BUEsh |
|
| 655 | _vReading book | ||
| 700 | 1 |
_aDe Paula, Julio, _eauthor. |
|
| 942 |
_cBB _2ddc |
||
| 999 |
_c1375 _d1375 |
||